Pokémon - Les attaques de Reshiram - Statistiques

Statistiques générales
  • Ce quiz a été pris 20 fois
  • Le résultat moyen est 11 sur 15
Statistiques - réponses
Niveaux Types Noms des attaques % Correct
Niveau 32 Dragon Draco-Choc
100%
Départ Dragon Draco-Souffle
100%
Niveau 48 Feu Flamme Croix
100%
Départ Roche Pouvoir Antique
100%
Niveau 88 Feu Flamme Bleue
91%
Niveau 64 Feu Déflagration
82%
Niveau 40 Feu Lance-Flammes
82%
Niveau 80 Dragon Colère
73%
Niveau 16 Ténèbres Mâchouille
73%
Niveau 24 Psy Extrasenseur
64%
Niveau 8 Normal Tranche
64%
Départ Feu Crocs Feu
55%
Niveau 72 Psy Possessif
45%
Départ Normal Râle Mâle
36%
Niveau 56 Normal Mégaphone
18%
Aucun quiz correspondant
Distribution des résultats
% des personnes avec chaque résultat
Percentile par nombre de réponses
Votre historique - résultats
Vous n’avez pas pris ce quiz